LEADER 01298nam a2200265 u 4500 001 000000078434 003 CaOOAMICUS 005 20070226123429.0 008 040427s1983 it u000 u eng u 035 $a10992211 040 $aPUL(R)$bita 100 1 $aMoolayil, Thomas.$0(OLS)http://pul/name/52210 245 14$aThe catholic youth movements and the emerging youth of Karala /$cThomas Moolayil. 260 $aRoma :$b[Pontificia Universitą Lateranense],$c1983. 300 $axxviii, 245 p. ;$c24 cm 490 1 $aPontificia Universitas Lateranensis. Theses ad doctoratum in S. Theologia 502 $aDiss. (doct.)-- Pontificia Universitas Lateranensis. 504 $aBibliografia in nota ed in appendice. 650 4$aGiovani$xReligione.$0(OLS)http://pul/subject/6260 830 0$aTheses ad doctoratum in s. theologia (Pontificia Universitą Lateranense).$0(OLS)http://pul/title/346 850 $aPUL 852 $aPUL$W1$xDP1 Tesi Pon Univ. Lateranense$y41$mTH PUL.THEOL 438$j100596$nBK-PRI$b $qTesi$B100596$CPULBib$Z2$F100596 $HPUL55072 $81 941 1 $a16 996 $6245$aThe catholic youth movements and the emerging youth of Karala$9(OLS)http://pul/title/102758 996 $6260$aRoma :$b[Pontificia Universitą Lateranense]$9(OLS)http://pul/publisher/51513 LEADER 01442nam a2200349 a 4500 001 000000168253 003 CaOOAMICUS 005 20180614112448.0 008 180614s2017 it c u000 u ita r 020 $a978-88-575-3961-4* 032 $aLibriCat 040 $aPUL$bita 041 1 $aita$hger 082 04$a193 100 1 $aHeidegger, Martin,$d1889-1976.$0(OLS)http://pul/name/5737 240 14$aDas Ereignis.$lItaliano.$0(OLS)http://pul/title/208516 245 12$aL'evento /$cMartin Heidegger ; a cura di Friedrich-Wilhelm v. Hermann ; edizione italiana a cura di Giusi Strummiello. 260 $aMilano ; Udine :$bMimesis,$c©2017. 300 $a342 p. :$britr. ;$c21 cm. 490 1 $aMimesis. Volti ;$v104 504 $aBibliografia in nota. 700 1 $aStrummiello, Giusi.$0(OLS)http://pul/name/108338 700 1 $aHerrmann, Friedrich-Wilhelm von,$b1934-2022.$0(OLS)http://pul/name/86483 830 0$aVolti (Mimesis) ;$v104.$0(OLS)http://pul/title/150110 850 $aPUL 852 $aPUL$W1$xSL Filosofia 3$y81$m193 HEIMA 17$j191790$qDDC 21$B196135$CPULBib$Z2$F196135 $H130988 $81 941 1 $a9 996 $6020$a978-88-575-3961-4*$9(OLS)http://pul/number/164344 996 $6082$a193$9(OLS)http://pul/classification/412 996 $6245$aL'evento$9(OLS)http://pul/title/208517 996 $6260$aMilano ; Udine :$bMimesis$9(OLS)http://pul/publisher/81060